Serbia's Borders Quiz Stats

Quiz Updated Mar 17, 2016

Challenge
Share
Tweet
Embed
Score 0/8 Timer 01:00
0 Plays Today
Country % Correct
Croatia
91.7%
Bosnia and Herzegovina
85.3%
Montenegro
84.9%
Kosovo
83.6%
Romania
83.4%
Macedonia
82.7%
Bulgaria
80.9%
Hungary
78.9%

You're not logged in!

Compare scores with friends on all Sporcle quizzes.
Join for Free
OR
Log In

You Might Also Like...

Show Comments

Extras

Top Quizzes Today


Score Distribution

Your Account Isn't Verified!

In order to create a playlist on Sporcle, you need to verify the email address you used during registration. Go to your Sporcle Settings to finish the process.

Report this User

Report this user for behavior that violates our Community Guidelines.

Details: